[Event "Joao Pessoa de Assis Memorial 1st"]
[Site "Joao Pessoa"]
[Date "2019.11.15"]
[Round "2"]
[White "Da Silva Araujo, Gabriel Victor"]
[Black "Campos Jr, Antonio De Siqueira"]
[Result "1-0"]
[WhiteElo "2013"]
[BlackElo "1639"]
[PlyCount "61"]
[EventDate "2019.11.15"]
[EventType "swiss"]
[EventRounds "6"]
[EventCountry "BRA"]
[SourceTitle "CBM 193 Extra"]
[Source "ChessBase"]
[SourceDate "2020.01.31"]
[SourceVersion "1"]
[SourceVersionDate "2020.01.31"]
[SourceQuality "1"]

1. c4 e6 2. g3 d5 3. d4 Bb4+ 4. Bd2 Bxd2+ 5. Nxd2 Nf6 6. Bg2 c6 7. Ngf3 Nbd7 8. 0-0 0-0 9. Qc2 h6 10. Rfd1 Re8 11. Rac1 Qb6 12. c5 Qa6 13. b4 e5 14. e4 exd4 15. Bf1 b5 16. exd5 Nxd5 17. Nxd4 N7f6 18. Qb2 Bg4 19. Re1 Qc8 20. Bg2 Bh3 21. Rxe8+ Nxe8 22. Bxh3 Qxh3 23. Nxc6 Nef6 24. Qd4 Re8 25. Ne5 Rxe5 26. Qxe5 Ng4 27. Qe8+ Kh7 28. Qe4+ g6 29. Qg2 Qxg2+ 30. Kxg2 Nxb4 31. c6 1-0

[Event "Recife Tavares Memorial 2nd"]
[Site "Recife"]
[Date "2019.05.11"]
[Round "3"]
[White "Da Silva Araujo, Gabriel Victor"]
[Black "Santiago, Yago de Moura"]
[Result "0-1"]
[WhiteElo "1985"]
[BlackElo "2470"]
[PlyCount "102"]
[EventDate "2019.05.10"]
[EventType "swiss"]
[EventRounds "6"]
[EventCountry "BRA"]
[SourceTitle "CBM 190 Extra"]
[Source "ChessBase"]
[SourceDate "2019.07.15"]
[SourceVersion "1"]
[SourceVersionDate "2019.07.15"]
[SourceQuality "1"]

1. Nf3 Nf6 2. c4 c5 3. Nc3 d5 4. cxd5 Nxd5 5. g3 Nc6 6. Bg2 Nc7 7. b3 e5 8. Bb2 Be7 9. 0-0 0-0 10. Rc1 f6 11. d3 Be6 12. Qc2 Rc8 13. Qb1 Qd7 14. Rfd1 Rfd8 15. Rd2 b6 16. Rcd1 Qe8 17. e3 Bg4 18. h3 Bh5 19. g4 Bg6 20. Nh4 Bf7 21. Nf5 Bf8 22. Ne4 Nd5 23. Nfg3 Qe6 24. Kh2 Bg6 25. Bf3 a5 26. Nf5 Rc7 27. Neg3 Rcd7 28. Be4 Bf7 29. Rg1 b5 30. h4 a4 31. bxa4 bxa4 32. g5 fxg5 33. hxg5 a3 34. Ba1 Ndb4 35. Nh4 g6 36. Qf1 Bg7 37. f4 exf4 38. exf4 Bxa1 39. Qxa1 Qg4 40. Ng2 Be6 41. f5 gxf5 42. Bxc6 f4 43. Nxf4 Qh4+ 44. Kg2 Qxf4 45. Rf2 Qg4 46. Bxd7 Qh3+ 47. Kf3 Rxd7 48. Qe5 Rxd3+ 49. Ke2 Qg4+ 50. Kf1 Rd1+ 51. Kg2 Bd5+ 0-1

[Event "Recife Tavares Memorial 2nd"]
[Site "Recife"]
[Date "2019.05.10"]
[Round "2"]
[White "Pereira, Silvio Cunha"]
[Black "Da Silva Araujo, Gabriel Victor"]
[Result "0-1"]
[WhiteElo "2242"]
[BlackElo "1985"]
[PlyCount "52"]
[EventDate "2019.05.10"]
[EventType "swiss"]
[EventRounds "6"]
[EventCountry "BRA"]
[SourceTitle "CBM 190 Extra"]
[Source "ChessBase"]
[SourceDate "2019.07.15"]
[SourceVersion "1"]
[SourceVersionDate "2019.07.15"]
[SourceQuality "1"]

1. e4 c5 2. Nf3 Nc6 3. d4 cxd4 4. Nxd4 g6 5. Nc3 Bg7 6. Be3 Nf6 7. f3 0-0 8. Qd2 d5 9. 0-0-0 dxe4 10. Qe1 Qc7 11. fxe4 Nxd4 12. Bxd4 Be6 13. Kb1 Rfc8 14. h3 b5 15. Bxb5 Qa5 16. a4 a6 17. e5 axb5 18. exf6 exf6 19. b3 bxa4 20. Nxa4 Qb5 21. Bb2 Rxa4 22. bxa4 Qxa4 23. Rd2 Qa2+ 24. Kc1 Rb8 25. c3 Bh6 26. Kd1 Bxd2 0-1

[Event "BRA-ch Universities"]
[Site "Vitoria"]
[Date "2018.06.09"]
[Round "6"]
[White "Da Silva Araujo, Gabriel Victor"]
[Black "Jordao Barbosa, Marcio Ferre"]
[Result "1-0"]
[WhiteElo "1977"]
[BlackElo "2113"]
[PlyCount "51"]
[EventDate "2018.06.06"]
[EventType "swiss"]
[EventRounds "7"]
[EventCountry "BRA"]
[SourceTitle "EXT 2019"]
[Source "ChessBase"]
[SourceDate "2018.10.10"]
[SourceVersion "1"]
[SourceVersionDate "2018.10.10"]
[SourceQuality "1"]

1. d4 Nf6 2. c4 e6 3. Nf3 d5 4. g3 Be7 5. Bg2 0-0 6. 0-0 c5 7. cxd5 Nxd5 8. e4 Nb6 9. a4 cxd4 10. a5 Nc4 11. Qa4 Nd6 12. Nxd4 e5 13. Nf5 Bd7 14. Nxe7+ Qxe7 15. Qa3 Nc6 16. Rd1 Nd4 17. Nc3 Qe6 18. Qa2 Qg4 19. h3 Qh5 20. Qd5 N6b5 21. g4 Bxg4 22. hxg4 Qxg4 23. Rd3 Nxc3 24. bxc3 Rad8 25. Qc4 Qe2 26. cxd4 1-0

[Event "Agua Preta op"]
[Site "Agua Preta"]
[Date "2017.11.25"]
[Round "4"]
[White "Da Silva Araujo, Gabriel Victor"]
[Black "Marinho, Daiana Cruz"]
[Result "1-0"]
[WhiteElo "1954"]
[BlackElo "1196"]
[PlyCount "53"]
[EventDate "2017.11.24"]
[EventType "swiss"]
[EventRounds "6"]
[EventCountry "BRA"]
[SourceTitle "CBM 181 Extra"]
[Source "ChessBase"]
[SourceDate "2017.12.12"]
[SourceVersion "1"]
[SourceVersionDate "2017.12.12"]
[SourceQuality "1"]

1. Nf3 d6 2. d4 g6 3. g3 Bg7 4. Bg2 e5 5. dxe5 Nc6 6. exd6 cxd6 7. 0-0 Nge7 8. c3 0-0 9. Bg5 Be6 10. Qd2 Qd7 11. Na3 a6 12. Nd4 Rfc8 13. Nxe6 Qxe6 14. Rfd1 Rd8 15. Nc2 f6 16. Be3 Rd7 17. a4 Rad8 18. Bb6 Rc8 19. a5 d5 20. e4 d4 21. Nxd4 Qf7 22. Qe3 Ne5 23. Bh3 f5 24. exf5 Nxf5 25. Nxf5 Nc4 26. Rxd7 Qxd7 27. Ne7+ 1-0

[Event "Natal Potiguar op"]
[Site "Natal"]
[Date "2017.06.03"]
[Round "4"]
[White "Da Silva Araujo, Gabriel Victor"]
[Black "De Morais, Alemberg Beserra"]
[Result "1-0"]
[WhiteElo "1919"]
[BlackElo "1728"]
[PlyCount "87"]
[EventDate "2017.06.02"]
[EventType "swiss"]
[EventRounds "6"]
[EventCountry "BRA"]
[SourceTitle "EXT 2018"]
[Source "ChessBase"]
[SourceDate "2017.10.13"]
[SourceVersion "1"]
[SourceVersionDate "2017.10.13"]
[SourceQuality "1"]

1. c4 e5 2. Nc3 Nf6 3. Nf3 d6 4. g3 Be7 5. Bg2 0-0 6. 0-0 Nc6 7. d4 exd4 8. Nxd4 Ne5 9. b3 c6 10. Bb2 Bd7 11. Qd2 Rc8 12. Rad1 Qa5 13. Nd5 Qd8 14. Nxe7+ Qxe7 15. Nc2 d5 16. cxd5 cxd5 17. Ba3 Rxc2 18. Bxe7 Rxd2 19. Rxd2 Re8 20. Bxf6 gxf6 21. Bxd5 Bb5 22. Bxb7 Re7 23. Bg2 h5 24. a4 Bd7 25. Rfd1 Be6 26. Bd5 Bh3 27. b4 a6 28. b5 axb5 29. axb5 Nd7 30. Bc6 Nb6 31. Bf3 Re5 32. Bc6 Be6 33. f4 Rc5 34. Rd8+ Kg7 35. Rb8 Nc4 36. Rc1 Bg4 37. e4 Be2 38. Kf2 Bd3 39. Rd8 Kh7 40. Rxd3 Nb2 41. Rdd1 Rxc1 42. Rxc1 Nd3+ 43. Ke3 Nxc1 44. Bd5 1-0

[Event "Natal Potiguar op"]
[Site "Natal"]
[Date "2017.06.02"]
[Round "1"]
[White "Dos Santos, Wallefy Perycles Al"]
[Black "Da Silva Araujo, Gabriel Victor"]
[Result "0-1"]
[WhiteElo "1342"]
[BlackElo "1919"]
[PlyCount "25"]
[EventDate "2017.06.02"]
[EventType "swiss"]
[EventRounds "6"]
[EventCountry "BRA"]
[SourceTitle "EXT 2018"]
[Source "ChessBase"]
[SourceDate "2017.10.13"]
[SourceVersion "1"]
[SourceVersionDate "2017.10.13"]
[SourceQuality "1"]

1. e4 c5 2. Nf3 Nc6 3. d4 cxd4 4. Nxd4 g6 5. Nxc6 bxc6 6. Qd4 Nf6 7. e5 Nd5 8. c4 Nc7 9. e6 f6 10. exd7+ Qxd7 11. Qxd7+ Bxd7 12. g3 c5 13. Bg2 0-1

[Event "BRA-ch sf Reg2 83rd"]
[Site "Natal"]
[Date "2016.11.12"]
[Round "2"]
[White "Da Silva Araujo, Gabriel Victor"]
[Black "Bouwman, Marcelo Wanderley"]
[Result "0-1"]
[WhiteElo "1913"]
[BlackElo "2209"]
[PlyCount "74"]
[EventDate "2016.11.12"]
[EventType "swiss"]
[EventRounds "7"]
[EventCountry "BRA"]
[SourceTitle "EXT 2018"]
[Source "ChessBase"]
[SourceDate "2017.10.13"]
[SourceVersion "1"]
[SourceVersionDate "2017.10.13"]
[SourceQuality "1"]

1. d4 Nf6 2. Bg5 Ne4 3. Bf4 d5 4. Nd2 Nf6 5. Ngf3 e6 6. e3 Bd6 7. Bxd6 cxd6 8. Be2 0-0 9. 0-0 Nc6 10. Rc1 Qe7 11. c4 dxc4 12. Nxc4 Rd8 13. Qc2 e5 14. dxe5 dxe5 15. Rfd1 Bg4 16. h3 Bh5 17. Rxd8+ Rxd8 18. Rd1 e4 19. Nd4 Nb4 20. Qd2 Rd5 21. g4 Bg6 22. a3 Na6 23. f4 exf3 24. Bxf3 Be4 25. Bxe4 Qxe4 26. Qg2 Qe8 27. Rf1 Nc7 28. Qg3 Qd8 29. Qf4 h6 30. Nf5 Rd1 31. Nd4 Rxf1+ 32. Kxf1 Ncd5 33. Qd6 Qe8 34. Nf5 Qb5 35. b3 Qxb3 36. Ne5 Qd1+ 37. Kg2 Nxe3+ 0-1

[Event "BRA-ch sf Reg2 83rd"]
[Site "Natal"]
[Date "2016.11.12"]
[Round "1"]
[White "Da Silva Araujo, Gabriel Victor"]
[Black "Souza, Rafael Cabral de"]
[Result "0-1"]
[WhiteElo "1913"]
[BlackElo "2163"]
[PlyCount "144"]
[EventDate "2016.11.12"]
[EventType "swiss"]
[EventRounds "7"]
[EventCountry "BRA"]
[SourceTitle "EXT 2018"]
[Source "ChessBase"]
[SourceDate "2017.10.13"]
[SourceVersion "1"]
[SourceVersionDate "2017.10.13"]
[SourceQuality "1"]

1. d4 Nf6 2. Bg5 Ne4 3. Bf4 c5 4. c3 Qb6 5. Qb3 Qf6 6. Be3 cxd4 7. Bxd4 Qg5 8. Be3 Qh5 9. Nd2 Nxd2 10. Bxd2 Nc6 11. Nf3 b6 12. g3 Bb7 13. Bg2 Ne5 14. Nh4 Ba6 15. Nf3 Bb7 16. Nh4 Ba6 17. Nf3 Nc4 18. Qa4 Bb5 19. Qc2 Bc6 20. 0-0 g6 21. Rad1 Bg7 22. b3 Nxd2 23. Qxd2 0-0 24. Nd4 Bxg2 25. Kxg2 d5 26. Qd3 Rac8 27. Rc1 Rc5 28. Rfd1 e5 29. Nc2 e4 30. Qa6 Bxc3 31. b4 Rc7 32. Na3 Rfc8 33. Nb5 Rc4 34. Nd6 Qxe2 35. Nxc4 Rxc4 36. Rxc3 Qxd1 37. Rxc4 Qf3+ 38. Kg1 dxc4 39. Qxc4 Qd1+ 40. Kg2 Qf3+ 41. Kg1 Kg7 42. Qd4+ Kh6 43. Qd2+ Kh5 44. Qd5+ Kg4 45. Qd7+ Qf5 46. Qd1+ Kg5 47. Qd2+ Kh5 48. Qd1+ Qf3 49. Qd5+ Kh6 50. Qd2+ g5 51. h4 Qf5 52. hxg5+ Qxg5 53. Qd6+ Kh5 54. Qd1+ Kg6 55. Qd6+ Qf6 56. Qd5 Qf5 57. Qd1 h5 58. Qd4 Qe6 59. a3 Qg4 60. Qd6+ Kh7 61. Qe7 Qd1+ 62. Kg2 Qf3+ 63. Kg1 a5 64. b5 Qd1+ 65. Kg2 Qd5 66. Kg1 Kg6 67. Qe8 Kf5 68. Qc8+ Qe6 69. Qh8 Kg4 70. Qg7+ Kh3 71. Qg5 Qg4 72. Qd2 Qf3 0-1

[Event "Recife Arraes Memorial 9th"]
[Site "Recife"]
[Date "2016.10.21"]
[Round "2.3"]
[White "Da Silva Araujo, Gabriel Victor"]
[Black "Bouwman, Marcelo Wanderley"]
[Result "0-1"]
[WhiteElo "1885"]
[BlackElo "2192"]
[PlyCount "74"]
[EventDate "2016.10.21"]
[EventType "swiss"]
[EventRounds "6"]
[EventCountry "BRA"]
[SourceTitle "EXT 2022"]
[Source "ChessBase"]
[SourceDate "2021.10.06"]
[SourceVersion "1"]
[SourceVersionDate "2021.10.06"]
[SourceQuality "1"]

1. Nf3 Nf6 2. g3 c5 3. c4 Nc6 4. Bg2 d5 5. 0-0 e5 6. cxd5 Nxd5 7. Nc3 Nc7 8. d3 Be7 9. Be3 0-0 10. Rc1 Rb8 11. a3 Bd7 12. Re1 Kh8 13. Na2 Be6 14. Nc3 Bd7 15. Na2 b6 16. Qc2 Rc8 17. Bd2 a5 18. Bc3 f6 19. Rb1 Qe8 20. Rec1 b5 21. Qd1 b4 22. Bd2 Be6 23. b3 a4 24. axb4 axb3 25. Rxb3 Qf7 26. Rb2 Bxa2 27. Qa4 Bd5 28. b5 Ra8 29. Qc2 Bxf3 30. exf3 Nd4 31. Qd1 Ncxb5 32. Rcb1 Na3 33. Ra1 c4 34. dxc4 Nxc4 35. Rxa8 Rxa8 36. Rb7 Nxd2 37. f4 Rd8 0-1

[Event "Potiguar-ch sf"]
[Site "Natal"]
[Date "2016.09.17"]
[Round "4.3"]
[White "Jordao Barbosa, Marcio Ferre"]
[Black "Da Silva Araujo, Gabriel Victor"]
[Result "1-0"]
[WhiteElo "2031"]
[BlackElo "1907"]
[PlyCount "100"]
[EventDate "2016.09.16"]
[EventType "swiss"]
[EventRounds "6"]
[EventCountry "BRA"]
[SourceTitle "EXT 2022"]
[Source "ChessBase"]
[SourceDate "2021.10.06"]
[SourceVersion "1"]
[SourceVersionDate "2021.10.06"]
[SourceQuality "1"]

1. e4 c5 2. Nf3 Nc6 3. d4 cxd4 4. Nxd4 g6 5. c4 Bg7 6. Be3 Nf6 7. Nc3 0-0 8. Be2 d6 9. 0-0 Qa5 10. Rc1 Bd7 11. a3 Rac8 12. f4 Rfe8 13. Nc2 Qd8 14. Bf2 Be6 15. Ne3 Na5 16. b3 b6 17. g4 Rf8 18. g5 Ne8 19. f5 Bd7 20. Bh4 Bc6 21. b4 Nb7 22. Bg4 h5 23. Bh3 Bd7 24. Qf3 Kh7 25. Ncd5 a6 26. Nf4 b5 27. Nxh5 gxh5 28. Qxh5+ Kg8 29. g6 fxg6 30. fxg6 Nf6 31. Bxf6 Rxf6 32. Rxf6 exf6 33. Qh7+ Kf8 34. Nf5 Bxf5 35. Bxf5 Qb6+ 36. Kg2 Re8 37. Qh3 Qd4 38. Rc2 bxc4 39. Re2 Qd3 40. Qg4 c3 41. e5 Qd5+ 42. Be4 Qxe5 43. Qd7 Qe7 44. Qc6 f5 45. Bf3 Qg5+ 46. Kf1 Qc1+ 47. Kg2 Rxe2+ 48. Bxe2 Qg5+ 49. Kf1 Qxg6 50. Qxb7 Qe6 1-0

[Event "Recife Asfora Memorial"]
[Site "Recife"]
[Date "2016.08.06"]
[Round "3"]
[White "Da Silva, Douglas Barbosa"]
[Black "Da Silva Araujo, Gabriel Victor"]
[Result "1-0"]
[WhiteElo "1923"]
[BlackElo "1907"]
[PlyCount "54"]
[EventDate "2016.08.05"]
[EventType "swiss"]
[EventRounds "6"]
[EventCountry "BRA"]
[SourceTitle "EXT 2022"]
[Source "ChessBase"]
[SourceDate "2021.10.06"]
[SourceVersion "1"]
[SourceVersionDate "2021.10.06"]
[SourceQuality "1"]

1. e4 c5 2. Nf3 d6 3. g3 Nc6 4. Bg2 e5 5. d3 Nge7 6. Nh4 Ng6 7. Nf5 Nd4 8. Ne3 Be6 9. c3 Nc6 10. h4 Qd7 11. a3 Nge7 12. Nd5 f5 13. b4 Bf7 14. b5 Nd8 15. Qa4 Nxd5 16. exd5 Be7 17. 0-0 a5 18. Nd2 b6 19. f4 Rb8 20. fxe5 dxe5 21. Nc4 Bf6 22. Re1 Bxd5 23. Nxe5 Bxe5 24. Rxe5+ Be6 25. Bc6 Nxc6 26. bxc6 Qc7 27. Rxe6+ Kf7 1-0